000 01211nam a22002537a 4500
999 _c65718
_d65718
005 20240530110839.0
008 191223s2004 ua f b 000 0 ara d
017 _a2004/5028
_bمصر. دار الكتب
020 _a9771803301
040 _aEG-CaGPL
_cEG-CaGPL
082 0 4 _221
_a378.62
_bق/ف و
100 _aفاتن على حسن ، عبدالسلام محمود ،ايمن احمد محمد محمود
245 1 0 _aوثائق التعليم العالى فى مصر :
_bخلال القرن التاسع عشر/
_cاعداد:فاتن على حسن،عبدالسلام محمود عبدالرحمن ،ايمن احمد محمد محمود
260 _aالقاهرة :
_bالهيئة العامة لدار الكتب و الوثائق القومية ،
_c2004
300 _a774ص . :
_c29 سم.
504 _aيشتمل على ارجاعات ببليوجرافية
650 0 7 _2qrmak
_aالوثائق
_vالسجلات
_zمصر
650 0 7 _aالمدارس
_vتنظيم وادارة
_zمصر
651 _2qrmak
653 _aوثائق التعليم فى مصر
700 _aعبدالمنعم الجميعى
_eاشراف
942 _2ddc
_cBK